Style guide: The best selling guide to English usage (Record no. 44510)

MARC details
000 -LEADER
fixed length control field 00297nam a2200109Ia 4500
020 ## - INTERNATIONAL STANDARD BOOK NUMBER
ISBN 9781846681752
082 ## - DEWEY DECIMAL CLASSIFICATION NUMBER
Classification number 81'36
Item number ECO
245 #0 - TITLE STATEMENT
Title Style guide: The best selling guide to English usage
260 ## - PUBLICATION, DISTRIBUTION, ETC. (IMPRINT)
Place of publication London
Name of publisher The Economist
Year of publication 2010
942 ## - ADDED ENTRY ELEMENTS (KOHA)
Koha item type Books
Holdings
Withdrawn status Lost status Damaged status Not for loan Home library Current library Date acquired Source of acquisition Full call number Accession Number Koha item type
        RRII Library RRII Library 16/12/2021 Gift 81'36 ECO G01254 Books